|
|
|
|
| LEADER |
00000nab a2200000 a 4500 |
| 001 |
vtls000281192 |
| 003 |
SK-MaSNL |
| 005 |
20260426074704.0 |
| 008 |
250422c1987 xo 0 slo |
| 015 |
|
|
|a SNBRB19rr/mm-uuuuu
|
| 035 |
|
|
|a CL0291310
|
| 035 |
|
|
|a urn:nbn:sk:snk-abem44
|
| 035 |
|
|
|a (urnnbn)urn:nbn:sk:snk:ar-00078e
|
| 035 |
|
|
|a (uuid)1bf238ae-210c-4ea4-b0fd-b56c54a5cc76
|
| 040 |
|
|
|a SNKBUCL
|b slo
|c SNKBUCL
|e AACR2
|
| 041 |
0 |
|
|a slo
|
| 044 |
|
|
|a xo
|c SK
|
| 080 |
|
|
|a 711.436:72
|2 1981
|
| 080 |
|
|
|a 72
|2 1981
|
| 080 |
|
|
|a 711.436
|2 1981
|
| 100 |
1 |
|
|a Spišková, Etela
|4 aut
|9 285698
|
| 245 |
1 |
0 |
|a Aká si, naša dedina?
|c Etela Spišková, Ivan Spiška
|
| 650 |
0 |
7 |
|a sídla vidiecke
|2 snkbucl
|9 901464
|
| 650 |
0 |
7 |
|a dedina (archit.)
|2 snkbucl
|9 1352480
|
| 650 |
0 |
7 |
|a architektúra
|2 snkbucl
|9 722
|
| 651 |
|
7 |
|a Slovensko
|2 snkbucl
|9 14231
|
| 655 |
|
7 |
|a články z novín a časopisov
|2 snkbucl
|9 267496
|
| 700 |
1 |
|
|a Spiška, Ivan
|4 aut
|9 283495
|
| 773 |
0 |
|
|t Slovenské pohľady
|g Roč. 103, č. 6 (1987), s. 109-117
|
| 850 |
|
|
|a Slovenská národná knižnica
|
| 852 |
|
|
|a Slovenská národná knižnica
|
| 958 |
|
|
|a article27
|
| 958 |
|
|
|a RK
|
| 958 |
|
|
|a OND
|
| 958 |
|
|
|a EUIPO
|
| 992 |
|
|
|a RBX
|
| 999 |
|
|
|c 2746839
|d 2748769
|